Cultural resources investigations on the proposed 1060-acre Vizcaya Development, Spicewood, Travis County, Texas /

Bibliographic Details
Main Author: Brownlow, Russell K.
Corporate Author: Texas Historical Commission
Other Authors: Frederick, Charles D., Bush, Leslie L.
Format: Government Document Book
Language:English
Published: Austin, Tex. : Horizon Environmental Services, [2007]
Subjects:

MARC

Tag First Indicator Second Indicator Subfields
LEADER 00000cam a2200000Ia 4500
001 in00002440539
005 20151111042043.0
008 080213s2007 txuab b s000 0 eng d
035 |a (OCoLC)ocn192006653 
035 |a (OCoLC)192006653 
040 |a IKM  |c IKM  |d TXJ  |d TXA  |d UtOrBLW 
043 |a n-us-tx 
049 |a TXAM 
050 4 |a F392.T7  |b B7598 2007 
086 |a H2000.8 T698VI 2007  |2 txdocs 
090 |a F392.T7  |b B755 2007 
100 1 |a Brownlow, Russell K. 
245 1 0 |a Cultural resources investigations on the proposed 1060-acre Vizcaya Development, Spicewood, Travis County, Texas /  |c by Russell K. Brownlow. 
246 1 |i Volume 1:  |a Survey level investigations 
246 1 |i Vol. 2 :  |a NRHP eligibility testing investigations 
264 1 |a Austin, Tex. :  |b Horizon Environmental Services,  |c [2007] 
300 |a 2 volumes :  |b illustrations, maps ;  |c 28 cm. 
336 |a text  |b txt  |2 rdacontent 
337 |a unmediated  |b n  |2 rdamedia 
338 |a volume  |b nc  |2 rdacarrier 
500 |a "HJN 060231 AR ; USACE project number SWF-2007-135." 
500 |a Vol 1. by Russell K. Brownlow ; Volume 2 by Russell K. Brownlow and Charles D. Frederick with contributions by Leslie Bush. 
500 |a "October 2007." 
500 |a Regulated by the Texas Historical Commission through the National Historic Preservation Act. 
500 |a "Prepared for: Lake Travis Ranch, LLC." 
504 |a Includes bibliographical references. 
650 0 |a Archaeological surveying  |z Texas  |z Travis County. 
650 0 |a Excavations (Archaeology)  |z Texas  |z Travis County. 
651 0 |a Travis County (Tex.)  |x Antiquities. 
700 1 |a Frederick, Charles D. 
700 1 |a Bush, Leslie L. 
710 2 |a Texas Historical Commission. 
994 |a C0  |b TXA 
948 |a cataloged  |b h  |c 2009/7/16  |d c  |e jwilkinson 
999 |a MARS 
999 f f |s d9c483c3-d15e-36d6-a331-0e03f68bcdef  |i 7e44f03f-5ede-310d-80f0-8dd209769262  |t 0 
952 f f |p normal  |a Texas A&M University  |b College Station  |c Sterling C. Evans Library  |d Evans: Library Stacks  |t 0  |e F392.T7 B755 2007  |h Library of Congress classification  |i unmediated -- volume  |k v.2  |m A14837191350 
952 f f |p normal  |a Texas A&M University  |b College Station  |c Sterling C. Evans Library  |d Evans: Library Stacks  |t 0  |e F392.T7 B755 2007  |h Library of Congress classification  |i unmediated -- volume  |k v.1  |m A14837191342 
998 f f |a F392.T7 B755 2007  |t 0  |l Evans: Library Stacks